Introducción al lenguaje matemático / (Record no. 88394)

MARC details
000 -LEADER
campo de control de longitud fija 00478nam a2200169 i 4500
001 - NÚMERO DE CONTROL
campo de control 88394
003 - IDENTIFICADOR DE NÚMERO DE CONTROL
campo de control ES-MaACL
005 - FECHA Y HORA DE LA ÚLTIMA TRANSACCIÓN
campo de control 20230906175842.0
007 - CAMPO FIJO DE DESCRIPCIÓN FÍSICA--INFORMACIÓN GENERAL
campo de control de longitud fija t|
008 - DATOS DE LONGITUD FIJA--INFORMACIÓN GENERAL
campo de control de longitud fija 050104s1972 sp ||||1| spa d
100 1# - ENTRADA PRINCIPAL--NOMBRE DE PERSONA
Nombre de persona Laíz, J. L.
9 (RLIN) 69707
245 10 - MENCIÓN DEL TÍTULO
Título Introducción al lenguaje matemático /
Mención de responsabilidad, etc. J.L. Laíz.
260 ## - PUBLICACIÓN, DISTRIBUCIÓN, ETC.
Lugar de publicación, distribución, etc. [S.l. :
Nombre del editor, distribuidor, etc. s.n.,
Fecha de publicación, distribución, etc. 1972] (
Lugar de fabricación/manufactura Lugo :
Fabricante Gráf. Bao)
300 ## - DESCRIPCIÓN FÍSICA
Extensión 160 p. ;
Dimensiones 25 cm.
500 ## - NOTA GENERAL
Nota general Ejemplar multicopista.
852 ## - LOCALIZACIÓN
Ubicación ES-MaACL
Número de control de estantería C-48909
Sublocalización o colección R.84183
Holdings
Estatus retirado Estado de pérdida Estado de daño No para préstamo Biblioteca de origen Biblioteca actual Ubicación en estantería Fecha de adquisición Fuente de adquisición Total de préstamos Signatura topográfica completa Código de barras Visto por última vez Precio de reemplazo Tipo de ítem Koha
        Biblioteca del Ateneo de Madrid Biblioteca del Ateneo de Madrid Depósito 2 17/01/2008     C-48909 1092338 23/02/2023 23/02/2023 Libro impreso